<?xml version="1.0" encoding="UTF-8"?>
<record
    xmlns:xsi="http://www.w3.org/2001/XMLSchema-instance"
    xsi:schemaLocation="http://www.loc.gov/MARC21/slim http://www.loc.gov/standards/marcxml/schema/MARC21slim.xsd"
    xmlns="http://www.loc.gov/MARC21/slim">

  <leader>00715ngm a22002537a 4500</leader>
  <controlfield tag="005">20170222145229.0</controlfield>
  <controlfield tag="008">160420b        xxu||||| |||| 00| 0 spa d</controlfield>
  <datafield tag="041" ind1=" " ind2=" ">
    <subfield code="a">spa</subfield>
  </datafield>
  <datafield tag="082" ind1=" " ind2=" ">
    <subfield code="a">397 DVD</subfield>
  </datafield>
  <datafield tag="110" ind1=" " ind2=" ">
    <subfield code="a">Secretaria de Turismo del estado de Oaxaca</subfield>
    <subfield code="9">8295</subfield>
  </datafield>
  <datafield tag="245" ind1=" " ind2=" ">
    <subfield code="a">Oaxaca</subfield>
  </datafield>
  <datafield tag="260" ind1=" " ind2=" ">
    <subfield code="a">M&#xE9;xico</subfield>
    <subfield code="b">Secretaria de Turismo del estado de Oaxaca</subfield>
    <subfield code="c">2002</subfield>
  </datafield>
  <datafield tag="650" ind1=" " ind2=" ">
    <subfield code="a">ATRACTIVOS TUR&#xCD;STICOS</subfield>
    <subfield code="9">5394</subfield>
  </datafield>
  <datafield tag="650" ind1=" " ind2=" ">
    <subfield code="a">REGIONES</subfield>
    <subfield code="9">8296</subfield>
  </datafield>
  <datafield tag="650" ind1=" " ind2=" ">
    <subfield code="a">ZOOL&#xD3;GICO</subfield>
    <subfield code="9">8297</subfield>
  </datafield>
  <datafield tag="650" ind1=" " ind2=" ">
    <subfield code="a">ATRACTIVOS CULTURALES</subfield>
    <subfield code="9">8298</subfield>
  </datafield>
  <datafield tag="650" ind1=" " ind2=" ">
    <subfield code="a">MUSEOS</subfield>
    <subfield code="9">6797</subfield>
  </datafield>
  <datafield tag="650" ind1=" " ind2=" ">
    <subfield code="a">PLAYAS</subfield>
    <subfield code="9">8299</subfield>
  </datafield>
  <datafield tag="650" ind1=" " ind2=" ">
    <subfield code="a">FESTIVALES</subfield>
    <subfield code="9">8300</subfield>
  </datafield>
  <datafield tag="650" ind1=" " ind2=" ">
    <subfield code="a">TRAJES T&#xCD;PICOS</subfield>
    <subfield code="9">8301</subfield>
  </datafield>
  <datafield tag="650" ind1=" " ind2=" ">
    <subfield code="a">SERVICIOS TUR&#xCD;STICOS</subfield>
    <subfield code="9">1080</subfield>
  </datafield>
  <datafield tag="650" ind1=" " ind2=" ">
    <subfield code="a">MAPAS</subfield>
    <subfield code="9">8302</subfield>
  </datafield>
  <datafield tag="942" ind1=" " ind2=" ">
    <subfield code="c">DVD</subfield>
  </datafield>
  <datafield tag="999" ind1=" " ind2=" ">
    <subfield code="c">7997</subfield>
    <subfield code="d">7997</subfield>
  </datafield>
  <datafield tag="952" ind1=" " ind2=" ">
    <subfield code="0">0</subfield>
    <subfield code="1">0</subfield>
    <subfield code="4">0</subfield>
    <subfield code="7">0</subfield>
    <subfield code="a">BACB</subfield>
    <subfield code="b">BACB</subfield>
    <subfield code="d">2016-04-20</subfield>
    <subfield code="l">0</subfield>
    <subfield code="o">397 DVD</subfield>
    <subfield code="p">397ADVD</subfield>
    <subfield code="r">2016-04-20 00:00:00</subfield>
    <subfield code="y">DVD</subfield>
  </datafield>
  <datafield tag="952" ind1=" " ind2=" ">
    <subfield code="0">0</subfield>
    <subfield code="1">0</subfield>
    <subfield code="4">0</subfield>
    <subfield code="7">0</subfield>
    <subfield code="a">BACB</subfield>
    <subfield code="b">BACB</subfield>
    <subfield code="d">2017-02-17</subfield>
    <subfield code="l">0</subfield>
    <subfield code="o">397 DVD</subfield>
    <subfield code="p">397BDVD</subfield>
    <subfield code="r">2017-02-17 00:00:00</subfield>
    <subfield code="w">2017-02-17</subfield>
    <subfield code="y">DVD</subfield>
  </datafield>
</record>
